000 00285nam a2200109Ia 4500
008 230907s9999||||xx |||||||||||||| ||und||
082 _a697
_bKAV
100 _aKavanaugh, Stephen P.,
_9115771
245 0 _aGeothermal heating and cooling :
300 _axviii, 420 pages :
942 _cBK
999 _c599513
_d599513